Imiona żeńskie na J w rejestrze PESEL - Statystyki

Ogólne statystyki
  • Ten quiz został rozwiązany 141 razy
  • Średni wynik to 8 z 11
Statystyki odpowiedzi
Odpowiedź % Poprawnych
1 Joanna
91%
5 Janina
88%
2 Julia
84%
6 Justyna
77%
3 Jolanta
75%
4 Jadwiga
73%
8 Jagoda
68%
10 Judyta
63%
9 Julita
61%
11 Jowita
58%
7 Józefa
40%
Nie znaleziono quizów pasujących do podanych kryteriów
Rozkład punktacji
Procent ludzi z każdym wynikiem
Percentyl według liczby udzielonych odpowiedzi
Twoja historia wyników
Nie rozwiązałeś tego quizu